Представление документа в формате MARC21

Поле Инд. ПП Название Значение
Тип записи a
Библиографический уровень a
001 Контрольный номер 5adb8ab0341c4ce58c3054a68c3b67be
005 Дата корректировки 20221206133722.5
041 0_ a Код языка текста rus
080 a Индекс УДК 332
097 b Оператор *Т*
100 1_ a Автор Васильева К.М.
245 10 a Заглавие Правовой режим особо охраняемых природных территорий Тверской области: перспективы совершенствования
b Продолж. заглавия статья
p Название части/ раздела - Текст : электронный
260 a Место издания Тверь
b Издательство ТвГТУ
520 0_ a Аннотация в статье рассматриваются основные вопросы правового регулирования отдельных категорий особо охраняемых природных территорий, состояние правовой системы, а также перспективы формирования отдельных категорий особо охраняемых природных территорий региона в связи с созданием правовой системы в Тверской области.
653 0_ a Ключевые слова Тверская область, особо охраняемые территории, природные объекты, охрана объектов, охрана территорий
700 12 a Другие авторы Степанов В.Я.
773 18 w Контрольный № источника ee5ee90ba01244638c9e028a88440eef
t Название источника Теоретические исследования и экспериментальные разработки студентов и аспирантов : материалы Всероссийской (национальной) научно-практической конференции, 2022 г., Тверь : в 2 частях / под редакцией Т.Б. Новиченковой
d Место и дата издания Тверь : Тверской государственный технический университет, 2022
g Прочая информация Ч. 1. - С. 9-15
773 18 z ISBN 978-5-7995-1232-3
901 t Тип документа a
905 a Дата создания записи 27.10.22
950 a Редактор записи гм